MARC

LEADER 00000nam0a2200000 4500
001 378969
005 20231207124354.0
035 |a (RuTPU)RU\TPU\retro\36430 
090 |a 378969 
100 |a 20230622d2023 km y0rusy50 ca 
101 0 |a rus 
102 |a RU 
105 |a a z 000ya 
181 0 |a i   |b  e  
182 0 |a n 
183 0 |a nc  |2 RDAcarrier 
200 1 |a БАМ - как молоды мы были (1974 - 1977 гг.)  |f В. П. Шинкаренко 
203 |a Текст  |b визуальный  |c непосредственный 
210 |a Томск  |c Изд-во ТПУ  |d 2023 
215 |a 137 с.  |c ил. 
316 |5 63413507: 23-137  |a На форзаце дарственная надпись: "В дар Научно-технической библиотеке ТПУ от выпускницы 1974 г. ГРФ Шинкаренко (Борисовой) Валентины 16.05.2023 г." 
317 |5 63413507: 23-137  |a Поступил в НТБ в 2023 г. в дар от Шинкаренко В. 
601 0 2 |a Томский политехнический институт  |c (1944-1991)  |9 23521 
606 1 |a Томский политехнический университет  |9 83260 
610 1 |a история 
610 1 |a выпускники ТПИ 
610 1 |a БАМ 
610 1 |a Байкало-Амурская магистраль 
610 1 |a воспоминания 
610 1 |a автобиографии 
610 1 |a геологические изыскания 
610 1 |a геологи 
610 1 |a быт 
610 1 |a дарственные надписи 
610 1 |a дары библиотеке 
610 1 |a дары автора 
610 1 |a Коллекция История ТПУ 
686 |2 rubbk  |a Ч484(2)72ТПУ 
700 1 |a Шинкаренко  |b В. П.  |4 070  |g Валентина Петровна 
801 1 |a RU  |b 63413507  |c 20230622 
801 2 |a RU  |b 63413507  |c 20230705  |g RCR 
942 |c BK